Fuzzy Bee 123 / (Record no. 2017)

MARC details
000 -LEADER
fixed length control field 01328nam a22003497a 4500
001 - CONTROL NUMBER
control field 2017
003 - CONTROL NUMBER IDENTIFIER
control field FISKH
005 - DATE AND TIME OF LATEST TRANSACTION
control field 20231027161835.0
008 - FIXED-LENGTH DATA ELEMENTS--GENERAL INFORMATION
fixed length control field 120309s2012 enka j 000|0 eng|d
015 ## - NATIONAL BIBLIOGRAPHY NUMBER
National bibliography number GBB227079
Source bnb
016 7# - NATIONAL BIBLIOGRAPHIC AGENCY CONTROL NUMBER
Record control number 016050128
Source Uk
020 ## - INTERNATIONAL STANDARD BOOK NUMBER
International Standard Book Number 9780312514860
020 ## - INTERNATIONAL STANDARD BOOK NUMBER
International Standard Book Number 0312514867
040 ## - CATALOGING SOURCE
Original cataloging agency StDuBDS
Language of cataloging eng
Transcribing agency StDuBDS
Modifying agency Uk
082 04 - DEWEY DECIMAL CLASSIFICATION NUMBER
Classification number 513.211
Edition number 23
100 ## - MAIN ENTRY--PERSONAL NAME
Personal name Priddy, Roger
245 00 - TITLE STATEMENT
Title Fuzzy Bee 123 /
260 ## - PUBLICATION, DISTRIBUTION, ETC.
Place of publication, distribution, etc. New York :
Name of publisher, distributor, etc. Priddy,
Date of publication, distribution, etc. 2012.
300 ## - PHYSICAL DESCRIPTION
Extent 10 unnumbered pages :
Other physical details color illustrations;
Dimensions 22 cm
490 ## - SERIES STATEMENT
Series statement Look out for the snail in this book!
500 ## - GENERAL NOTE
General note Board book.
500 ## - GENERAL NOTE
General note Lift-the-flap book.
505 ## - FORMATTED CONTENTS NOTE
Formatted contents note B<br/>
520 ## - SUMMARY, ETC.
Summary, etc. Interactive touch-and-feel board books for babies and toddlers. Fuzzy Bee 123 introduces first numbers using bright illustrations of friendly insects, including 2 butterflies and 4 spotty ladybugs. Broad range of high quality, interactive novelties to play with, as well as different touch-and-feel textures to explore. Fabric tabs on the page edges add to the tactile experience.
521 1# - TARGET AUDIENCE NOTE
Target audience note 40<br/>
Source Lexile estimate<br/>
521 ## - TARGET AUDIENCE NOTE
Target audience note B<br/>
Source Raz-Plus<br/>
650 #0 - SUBJECT ADDED ENTRY--TOPICAL TERM
Topical term or geographic name entry element Counting
Form subdivision Pictorial works
-- Juvenile literature.
650 #0 - SUBJECT ADDED ENTRY--TOPICAL TERM
Topical term or geographic name entry element Board books.
650 #0 - SUBJECT ADDED ENTRY--TOPICAL TERM
Topical term or geographic name entry element Lift-the-flap books.
650 #0 - SUBJECT ADDED ENTRY--TOPICAL TERM
Topical term or geographic name entry element Textured books.
942 ## - ADDED ENTRY ELEMENTS (KOHA)
Source of classification or shelving scheme Dewey Decimal Classification
Koha item type Books
Suppress in OPAC No
Holdings
Withdrawn status Lost status Source of classification or shelving scheme Damaged status Not for loan Collection Home library Current library Shelving location Date acquired Total Checkouts Full call number Barcode Date due Date last seen Date last checked out Price effective from Koha item type
    Dewey Decimal Classification     Non-Fiction Footprints International School Library Network Toul Kork Campus Footprints International School Library Network Toul Kork Campus TK Primary Library Room(4th Floor), Bookcase 7, Shelves 57-60, Dark Green Books 10/27/2023 4 PRI 513.211 PZ7 2023-0719 09/03/2025 08/20/2025 08/20/2025 10/27/2023 Books